000 01151cab a2200313 4500
001 ABS59684
008 090401t1998 xxu||||| |||| 00| 0 eng d
035 _a(Sirsi) u89611
041 _aeng
100 _aWilkinson, H. W.
245 _aIntention to occupy for a business
260 _c1998
350 _a0
490 _aNew Law Journal
_v148(6863) 6 November 1998, 1644-1645(2)
520 _aConsiders the court of appeal decision in "Dolgellau Golf Club v Hett" in the context of the landlord`s right to oppose the grant of a new tenancy under s30(1)(g) of the Landlord and Tenant Act 1954, where the landlord intends to occupy the premises for his own purposes.
650 _aCADOGAN AND ANOTHER V MCCARTHY & STONE DEVELOPMENTS LTD
650 _aCOUNTY COURT RULES
650 _aCOX V BINFIELD
650 _aCUNLIFFE V GOODMAN
650 _aDOLGELLAU GOLF CLUB V HETT
650 _aEDWARDS V THOMPSON
650 _aGROUNDS FOR POSSESSION
650 _aINTENTION
650 _aLANDLORD AND TENANT ACT 1954 S30
650 _aPLANS
690 _aLANDLORD AND TENANT-BUSINESS TENANCIES
942 _n0
948 _c11/11/1998
999 _c56720
_d56720